000 00257nam a2200097Ia 4500
001 1111744
005 20250827003917.0
008 250824s9999 xx 000 0 und d
245 0 _aİLETİŞİMSİZLİK BECERİ
_cA.KADİR ÖZER
260 _bSİSTEM YAYINCILIK
999 _c1111744
_d1111744